| 000 | 01218nam0a2200337 i 4500 | ||
|---|---|---|---|
| 001 | RU\NLR\bibl\2045684 | ||
| 005 | 20260406101412.0 | ||
| 010 |
_a9785399002293 _96000 |
||
| 021 |
_aRU _b2013-41862 _92893 |
||
| 035 | _a(NLR Aleph) 002032858 | ||
| 090 |
_a4558923 _c4558923 |
||
| 100 | _a20130620d2013 u y0rusy50 ca | ||
| 101 | 1 |
_arus _ceng |
|
| 102 | _aRU | ||
| 105 | _ay ||||||||| | ||
| 200 | 1 |
_aСила настоящего _dThe power of now _eруководство к духовному пробуждению _fЭкхарт Толле _g[пер. с англ.: И. Мелдрис] _zeng |
|
| 210 |
_aМосква _cСофия _d2013 |
||
| 215 |
_a255 с. _d21 |
||
| 300 | _aАвт. также на англ. яз.: Eckhart Tolle | ||
| 510 | 1 |
_6z22790 _aThe power of now _zeng |
|
| 606 |
_aПсихогигиена _9929392 _3RU\NLR\auth\6623393 |
||
| 686 | _aЮ937.2 | ||
| 686 | _aЮ948.1-8 | ||
| 700 | 1 |
_4070 _8rus _7ca _aТолле _bЭ. _f1948- _gЭкхарт _3RU\NLR\AUTH\7779980 _962908 |
|
| 790 | 1 |
_4070 _8eng _7ba _aTolle _bE. _f1948- _gEckhart _3RU\NLR\AUTH\7779981 _962909 |
|
| 801 | 0 |
_aRU _bNLR _c20130620 _gRCR |
|
| 801 | 1 |
_aRU _bNLR _c20130620 |
|
| 942 | _cBOOK | ||
| 980 | _aNBR | ||